书目信息 |
| 题名: |
机构投资者与上市公司治理
|
|
| 作者: | 柯希嘉, 著 | |
| 分册: | ||
| 出版信息: | 上海 东方出版中心 2016 |
|
| 页数: | 10, 234页 | |
| 开本: | 24cm | |
| 丛书名: | 公司治理与国企改革研究丛书 | |
| 单 册: | ||
| 中图分类: | F832.48 , F279.246 | |
| 科图分类: | ||
| 主题词: | 机构投资者--ji gou tou zi zhe--关系--上市公司--企业管理--研究--中国 | |
| 电子资源: | ||
| ISBN: | 978-7-5473-0884-4 | |
| 000 | 01310nam0 22003011 450 | |
| 001 | 0122100650 | |
| 005 | 20170322100650.0 | |
| 010 | @a978-7-5473-0884-4@dCNY51.00 | |
| 100 | @a20160119d2016 em y0chiy50 ea | |
| 101 | 0 | @achi |
| 102 | @aCN@b310000 | |
| 105 | @aak a 000yy | |
| 106 | @ar | |
| 200 | 1 | @a机构投资者与上市公司治理@9ji gou tou zi zhe yu shang shi gong si zhi li@dInstitutional investors and governance of China's listed companies@f柯希嘉著@zeng |
| 210 | @a上海@c东方出版中心@d2016 | |
| 215 | @a10, 234页@c图@d24cm | |
| 225 | 2 | @a公司治理与国企改革研究丛书@9gong si zhi li yu guo qi gai ge yan jiu cong shu |
| 314 | @a柯希嘉, 1978年生, 河北涿州人, 博士, 讲师。 | |
| 320 | @a有书目 (第221-232页) | |
| 330 | @a本书内容包括: 机构投资者与公司治理理论背景和研究演进; 机构投资者与公司治理概述、信息搜集优势与机构投资者市场影响力;股权结构优化与机构投资者制衡;机构投资者与控制怀股东与序贯博弈等。 | |
| 461 | 0 | @12001^@a公司治理与国企改革研究丛书 |
| 510 | 1 | @aInstitutional investors and governance of China's listed companies@zeng |
| 606 | 0 | @a机构投资者@9ji gou tou zi zhe@x关系@x上市公司@x企业管理@x研究@y中国 |
| 690 | @aF832.48@v5 | |
| 690 | @aF279.246@v5 | |
| 701 | 0 | @a柯希嘉,@9ke xi jia ,@f1978-@4著 |
| 801 | 0 | @aCN@bTANGWEI@c20161129 |
| 905 | @b0958686-9@dF832.48@e146@f4 | |
| 机构投资者与上市公司治理=Institutional investors and governance of China's listed companies/柯希嘉著.-上海:东方出版中心,2016 |
| 10, 234页:图;24cm.-(公司治理与国企改革研究丛书) |
| ISBN 978-7-5473-0884-4:CNY51.00 |
| 本书内容包括: 机构投资者与公司治理理论背景和研究演进; 机构投资者与公司治理概述、信息搜集优势与机构投资者市场影响力;股权结构优化与机构投资者制衡;机构投资者与控制怀股东与序贯博弈等。 |
| ● |
| 相关链接 |
|
|
|
|
正题名:机构投资者与上市公司治理
索取号:F832.48/146
 
预约/预借
| 序号 | 登录号 | 条形码 | 馆藏地/架位号 | 状态 | 备注 |
| 1 | 0958686 | 209586866 | 第一样本阅览室/ [索取号:F832.48/146] | 在馆 | |
| 2 | 0958687 | 209586875 | 第一借阅区/ [索取号:F832.48/146] | 在馆 | |
| 3 | 0958688 | 209586884 | 第一借阅区/ [索取号:F832.48/146] | 在馆 | |
| 4 | 0958689 | 209586893 | 密集书库-海洋学院/ [索取号:F832.48/146] | 在馆 |